000 01082nam a2200313 a 4500
001 vtls001617589
003 NLI
005 20210628133923.0
008 121214s1924 ii 000 j hin
039 9 _y201212141924
_zVLOAD
040 _aNLI
_bhineng
_cDatasoft_Hindi
_eAACR2
041 0 _ahin
044 _a ii
084 0 4 _a181
100 1 _6880-01
_aझा, जगदीश
_q(विमल)
_9692991
245 1 0 _6880-02
_aसती सीमंतिनी /
_cजगदीश झा
250 _a2nd ed.
260 _aकलकत्ता :
_bएस आर बेरी एण्ड कम्पनी,
_c1924
300 _a83 p. ;
_c18 cm.
650 0 _aShort stories, Hindi
_9695763
880 1 0 _6245-02(B
_aSatī śimantinī /
_cJagadiśa Jhā
880 1 _6100-01(B
_aJhā, Jagadiśa
_q(Vimala)
887 _a Cittojit/17.04.2012(Shagufta Jabeen)
901 _aIMP1414
_b17.04.2012
902 _a181 QC 92.147
904 _cCittojit/17.04.2012(Shagufta Jabeen)
_lO 4757
949 _AVIRTUAITEM
_D10000
_X100
_6IMP000001414HIN
942 _2ddc
_cBKS
999 _aVIRTUA40
_c1069208
_d1069208